Wer lügt? #6 - Statistiken

Allgemein
  • Dieses Quiz wurde 266 mal gespielt
    182 seit der letzten Aktualisierung
  • Das Durchschnittsergebnis liegt bei 7 aus 16
Antwortstatistiken
Frage Antwort % Korrekt
Ich war 2025 einer der beliebtesten Jungennamen. Kevin
76%
Ich bin ein Tanz. Lumumba
71%
Ich bin eine Quadratzahl. 999
68%
Ich war Spieler des FC Bayern München. André Schürrle
68%
Ich habe mehr Einwohner als Deutschland. Frankreich
68%
Ich war Sprecher der Tagesschau. Claus Kleber
47%
Ich bin eine Region in Frankreich. Piemont
47%
Ich war bereits Finanzminister der Bundesrepublik Deutschland. Jürgen Möllemann
38%
Ich wurde mit dem Literaturnobelpreis ausgezeichnet. Franz Kafka
35%
Ich bin eine Millionenstadt. San Francisco
32%
Ich bin ein Gewürz. Surat
32%
Ich bin ein berühmtes Gemälde von Vincent van Gogh. Die Nachtwache
29%
Ich bin ein Achttausender Gangkhar Puensum
29%
Ich bin ein Kind von Silvia Wollny. Shania
24%
Ich bin ein Band der Asterix-Reihe. Asterix und der goldene Baum
12%
Ich war während des Kalten Kriegs ein blockfreier Staat. Spanien
12%
Keine übereinstimmenden Quizze gefunden
Verteilung der Resultate
Anzahl Personen mit jedem Resultat
Perzentil nach korrekt beantworteten Fragen
Ihre Resultats-Entwicklung
Sie haben dieses Quiz seit der letzten Aktualisierung nicht gespielt